000 00736nam a2200205Ii 4500
003 JO-AjNU
008 230605s9999||||xx |||||||||||||| ||und||
017 _a1979/2511
040 _aJO-AjNU
_bara
_erda
_cJO-AjNU
041 _aara
050 1 4 _aHQ799.E39. U526 1979
100 3 _aعويس، مسعد ,
_eauthor
_945774
245 0 0 _aالقدوة في محيط النشىء والشباب : دراسة علمية تربوية
264 3 1 _aالقاهرة: دار الفكر العربي، 1979
300 _a244ص
336 _atext
_btxt
_2rdacontent
337 _aunmediated
_bn
_2rdamedia
338 _avolume
_bnc
_2rdacarrier
650 4 _aالاخلاق الاجتماعية- الشباب - احوال اجتماعية
_945775
999 _aA19866
_c23434
_d23434